000 00855cam a22002651 4500
001 gs 67000137
003 DLC
005 20260227111420.0
008 760203s1967 xx 000 0 eng c
010 _ags 67000137
035 _a(OCoLC)1965566
040 _aU.S. Geol. Survey. Libr.
_cABAU
_dOCoLC
_dDLC
042 _apremarc
050 0 0 _aQE796
_b.C34
082 _a564/.8/09764
100 1 _aCarter, John Lyman.
245 1 0 _aMississippian brachiopods from the Chappel limestone of central Texas.
260 _aIthaca, N.Y.,
_bPaleontological Research Institution,
_c1967.
300 _a254-488 p.
_billus., map.
_c23 cm.
440 0 _aBulletins of American paleontology,
_vv. 53, no. 238
504 _aBibliography: p. 442-448.
650 0 _aBrachiopoda, Fossil.
650 0 _aPaleontology
_yMississippian.
650 0 _aPaleontology
_zTexas.
999 _c30301
_d30301